Kadra Realu Madryt 2024 - Statystyki

Ogólne statystyki
  • Ten quiz został rozwiązany 633 razy
  • Średni wynik to 17 z 25
Statystyki odpowiedzi
Pozycja Zawodnik % Poprawnych
Bramkarz Andriy Lunin
92%
Lewy napastnik Vinicius
86%
Prawy napastnik Rodrygo
83%
Środkowy pomocnik Luka Modric
82%
Środkowy obrońca Antonio Rudiger
79%
Lewy obrońca Ferland Mendy
78%
Bramkarz Thibaut Courtois
78%
Trener Carlo Ancelotti
76%
Prawy obrońca Daniel Carvajal
75%
Środkowy obrońca Eder Militao
75%
Środkowy pomocnik Eduardo Camavinga
75%
Środkowy pomocnik Jude Bellingham
73%
Środkowy obrońca David Alaba
70%
Środkowy pomocnik Federico Valverde
68%
Środkowy pomocnik Toni Kroos
68%
Środkowy napastnik Joselu
65%
Bramkarz Kepa
62%
Środkowy pomocnik Aurelien Tchouameni
60%
Prawy obrońca Lucas Vazquez
56%
Środkowy pomocnik Arda Guler
55%
Lewy obrońca Fran Garcia
55%
Środkowy obrońca Nacho
55%
Środkowy pomocnik Brahim Diaz
52%
Środkowy pomocnik Dani Ceballos
46%
Środkowy pomocnik Nico Paz
31%
Nie znaleziono quizów pasujących do podanych kryteriów
Rozkład punktacji
Procent ludzi z każdym wynikiem
Percentyl według liczby udzielonych odpowiedzi
Twoja historia wyników
Nie rozwiązałeś tego quizu